[Event "European Youth Chess Championship B14"]
[Site "Prague, Top Hotel Prague"]
[Date "2012.08.20"]
[Round "4.69"]
[White "Kula, Dominik"]
[Black "Inan, Canberk"]
[Result "1/2-1/2"]
[WhiteElo "1794"]
[BlackElo "1673"]
[PlyCount "92"]
[EventDate "2012.08.17"]

1. e4 e5 2. Nf3 Nc6 3. Bb5 a6 4. Ba4 Nf6 5. O-O Be7 6. Re1 b5 7. Bb3 d6 8. c3
Na5 9. Bc2 c5 10. d4 Nc6 11. h3 O-O 12. Nbd2 Qb6 13. d5 Nb8 14. Nf1 Re8 15. g4
Bf8 16. Ng3 g6 17. Bg5 Bg7 18. Qd2 Qc7 19. Kh2 Qd7 20. Bxf6 Bxf6 21. Rg1 Bg7
22. Rg2 Qe7 23. Rag1 Qf6 24. Nf5 Bf8 25. Bd1 Nd7 26. N3h4 c4 27. g5 Qd8 28. b4
cxb3 29. axb3 Nb6 30. f4 Qd7 31. Bg4 Qd8 32. fxe5 Bxf5 33. Nxf5 Rxe5 34. Qf4
gxf5 35. Bxf5 Bg7 36. Qh4 Qe7 37. Qxh7+ Kf8 38. g6 f6 39. Be6 Rxe6 40. dxe6
Qxe6 41. Rf1 Nd7 42. h4 Qe5+ 43. Kh1 Qxc3 44. Qh5 Qh3+ 45. Kg1 Qe3+ 46. Kh1
Qh3+ 1/2-1/2